000 00572cam a2200193 4500500
005 20260405002941.0
041 _afre
042 _adc
100 1 0 _aPortevin, Catherine
_eauthor
245 0 0 _aTraité des libres qualités
260 _c2019.
500 _a41
690 _aCapitalisme
690 _aPascal Chabot
690 _aQualité
690 _aTechnologie
786 0 _nPhilosophie magazine | 132 | 9 | 2019-09-01 | p. 62-62 | 1951-1787
856 4 1 _uhttps://shs.cairn.info/magazine-philosophie-magazine-2019-9-page-62?lang=fr&redirect-ssocas=7080
999 _c2062858
_d2062858